00714nam a22002057a 4500003000500000005001700005008004100022020003000063040002800093041001200121082001600133100002300149245008000172250002000252260004800272300004200320490006500362500003100427650005000458322820251112131241.0251112b sa ||||| |||| 00| 0 eng d a9781998970483 (paperback) aMPLbEnglishc3228erda aSiswati 0aSWA KF GOND aGondwe, SJeAuthor aTitukulwane siSwati a e i o u : bsecond additional languagec S.J. Gondwe. aSecond edition. a[Mbombela] : bMbokodo Publishers,c [2023] a31 pages : billustrations ; c21 cm. aTitukulwane series Gondwe, Sibongile J. Titukulwane series. aBook 1. Title from cover. 0aSwazi language—Vowels—Juvenile literature